| 000 | 01605ngm a22004210a 4500 | ||
|---|---|---|---|
| 001 | PT39854 | ||
| 003 | AR-LpoUNG | ||
| 005 | 20210201235841.0 | ||
| 007 | vd cvaizq | ||
| 008 | 191001s2008||||ag |||||||||||||||||spa d | ||
| 040 |
_aAR-LpoUNG _bspa _cAR-LpoUNG _eaacr |
||
| 041 | _aspa | ||
| 044 | _aag | ||
| 082 | 0 | _a305 149otr | |
| 100 | 1 |
_aRaichijk, Daniel _edir. |
|
| 245 | 1 | 0 | _aNos otros |
| 260 |
_aBuenos Aires : _bs.n., _c2008. |
||
| 300 | _aDVD (80 min.) : son., col. | ||
| 505 | 0 | _aCámara: Javier Kurcbart. - Música: Carpo Cortés. - Producción periodística: Analía Alvarez | |
| 520 | _aEn nuestro país siempre existieron "otros" a los que desde el poder y desde nuestra cotidianidad ignoramos. Como en un espejo que refleja selectivamente a través de los tiempos, distintos sectores son invisibles a los ojos de la sociedad: originarios, afroamericanos, inmigrantes, degenerados, luchadores sociales, cabecitas negras, inmigrantes de países limítrofes, excluidos. Este documental va desgranando el discurso discriminador del argentino desde los tiempos de la conquista hasta hoy. | ||
| 650 | 4 | _aANALISIS HISTORICO | |
| 650 | 4 | _aARGENTINA | |
| 650 | 4 | _aDISCRIMINACION | |
| 650 | 4 | _aDISCRIMINACION BASADA EN EL GENERO | |
| 650 | 4 | _aDISCRIMINACION ECONOMICA | |
| 650 | 4 | _aDISCRIMINACION RACIAL | |
| 650 | 4 | _aDISCRIMINACION RELIGIOSA | |
| 650 | 4 | _aHISTORIA | |
| 650 | 4 | _aRACISMO | |
| 650 | 4 | _aVIOLENCIA | |
| 651 | 4 | _aArgentina | |
| 653 | _aCINE ARGENTINO | ||
| 653 | _aDOCUMENTAL | ||
| 653 | _aDVD | ||
| 653 | _aVIDEOS | ||
| 905 | _a39854 | ||
| 942 | _cDVD | ||
| 999 |
_c53594 _d53594 |
||